|
|
|
|
| LEADER |
00000naa2a2200000 4500 |
| 001 |
431774 |
| 005 |
20231101075417.0 |
| 035 |
|
|
|a (RuTPU)RU\TPU\prd\91947
|
| 035 |
|
|
|a RU\TPU\prd\34242
|
| 090 |
|
|
|a 431774
|
| 100 |
|
|
|a 20101202a2004 k y0rusy50 ca
|
| 101 |
0 |
|
|a rus
|
| 102 |
|
|
|a RU
|
| 200 |
1 |
|
|a Резонансное туннелирование через квантовую яму с двумя барьерами в поперечном магнитном поле
|f А. Ю. Серов, Г. Г. Зегря
|
| 225 |
1 |
|
|a Твердые тела
|e Электронные свойства
|
| 320 |
|
|
|a Библиогр.: 20 назв.
|
| 461 |
|
1 |
|0 (RuTPU)RU\TPU\prd\1443
|x 0044-4510
|t Журнал экспериментальной и теоретической физики
|l ЖЭТФ
|f Российская академия наук (РАН) ; Отделение физических наук РАН
|d 1931-
|
| 463 |
|
1 |
|0 (RuTPU)RU\TPU\prd\91933
|t Т. 126, вып. 1
|v с. 170-180
|d 2004
|
| 610 |
1 |
|
|a поперечное магнитное поле
|
| 610 |
1 |
|
|a резонансное туннелирование
|
| 610 |
1 |
|
|a квантовые ямы
|
| 610 |
1 |
|
|a гетероструктуры
|
| 610 |
1 |
|
|a магнитные осцилляторы
|
| 610 |
1 |
|
|a напряженность
|
| 700 |
|
1 |
|a Серов
|b А. Ю.
|
| 701 |
|
1 |
|a Зегря
|b Г. Г.
|
| 801 |
|
1 |
|a RU
|b 63413507
|c 20050328
|g PSBO
|
| 801 |
|
2 |
|a RU
|b 63413507
|c 20101203
|g RCR
|
| 942 |
|
|
|c BK
|